| 000 | 00471nam a22001817a 4500 | ||
|---|---|---|---|
| 005 | 20230614135747.0 | ||
| 008 | 230607b |||||||| |||| 00| 0 eng d | ||
| 020 | _a9781861002990 | ||
| 082 |
_a005.2762 _bGOM-P |
||
| 100 | _aGomez Paco | ||
| 245 | _aProfessional Java 2 enterprise edition with BEA WebLogic Server | ||
| 260 |
_aCanada _bWrox _c2000 |
||
| 300 | _a509 | ||
| 500 | _aIncludes Index | ||
| 650 | _aEngineering | ||
| 700 | _aPeter Zadrozny | ||
| 999 |
_c18659 _d18659 |
||